MARC

LEADER 00000nam2a2200000 4500
001 270977
005 20260313155358.0
035 |a (RuTPU)RU\TPU\book\294158 
035 |a RU\TPU\book\294156 
090 |a 270977 
100 |a 20141003d1957 km y0rusy50 ca 
101 0 |a rus 
102 |a RU 
105 |a ac z 001zy 
200 0 |a Т. 37: Письма к родным. 1893-1922 
210 |d 1957 
215 |a XLVI, 652 с., [10] вкл. л.  |c ил., портр. 
316 |5 63413507: М-133308  |a На титульном листе владельческая подпись: "Бутаков" 
317 |5 63413507: М-133307  |a Поступила в НТБ в 1970 г. в составе книжного собрания профессора ТПИ И. Н. Бутакова 
320 |a Примечания: с. 531-606 
320 |a Указатель литературы, упоминаемой В. И. Лениным: с. 607-627 
320 |a Указатель имен: с. 628-636 
320 |a Постраничные примечания 
461 1 |0 231347  |t Сочинения  |o [в 45 т.]  |f В. И. Ленин  |g Институт Маркса-Энгельса-Ленина при ЦК ВКП(б)   |e 4-е изд.  |d 1941-1967  |v Т. 37: Письма к родным. 1893-1922  |9 231347 
606 |a Ленин В. И.  |j Собрания сочинений  |2 stltpush  |3 (RuTPU)RU\TPU\subj\76035  |9 87496 
610 1 |a эпистолярное наследие 
610 1 |a библиотека И. Н. Бутакова 
610 1 |a владельческая надпись 
686 |2 rubbk  |a Т3(2)6-8Ленин150 
700 1 |a Ленин  |b В. И.  |c настоящая фамилия Ульянов  |c российский политический деятель  |f 1870-1924  |g Владимир Ильич  |9 486 
712 0 2 |a Институт марксизма-ленинизма  |c (Москва)  |c (1956-1991)  |9 24006 
801 1 |a RU  |b 63413507  |c 20140930 
801 2 |a RU  |b 63413507  |c 20190913  |g RCR 
942 |c BK